000 00305nam a22001097a 4500
040 _cSK
082 _a338
100 _aវ៉ាន់ ឌីកាអុន
245 _aសិក្សាទស្សនៈវិទ្យា
260 _aPhnom Penh
_bវ៉ន់ ឌីកាអុន
_c1973
942 _cKB
999 _c8413
_d8413